000 01124 a2200193 4500
001 54972
005 20260407155825.0
008 260407a1979 arg spa d
003 AR-UNSa-BCEJYS
040 _aAR-UNSa-BCEJYS
_bspa
_cAR-UNSa-BCEJYS
080 _a174
_xEtica Profesional
245 1 0 _aEtica del abogado
_pconducta procesal indebida
264 1 _aBuenos Aires :
_bAbeledo Perrot
_c1979
300 _a142 p.
_c23 cm.
505 _aPrimera parte: Éica del abogado - 1. Acerca de la existencia de la Ética del Abogado - 2. La naturaleza humana constitutivamente ética como explicación última del derecho y la abogacía - 3. Bioi Ético-jurídico teóricamente posibles de ser abogado - 4. Modo Ético-jurídico práctico y posible de ser abogado: El bios prudente - 5. Función del abogado en el campo jurídico - Segunda parte: Conducta procesal indebida - 1. Denominación y antecedentes - 2. Caracterización de la conducta procesal indebida - 3. Razones para su tratamiento normativo - 4. Sobre las sanciones
942 _cBK
590 _aniveau_biblio:m niveau_hierar:0
100 1 _aVigo, Rodolfo Luis (h)
999 _c5858
_d5858